[Event "Titled Tuesday intern op 09th Jan Early"]
[Site "Chess.com INT"]
[Date "2024.01.09"]
[Round "4"]
[White "Bodnaruk, Anastasia"]
[Black "Sokolovsky, Yahli"]
[Result "0-1"]
[WhiteElo "2340"]
[BlackElo "2436"]
[PlyCount "182"]
[EventDate "2024.01.09"]
[EventType "swiss (blitz)"]
[EventRounds "11"]
[EventCountry "USA"]
[SourceTitle "CB03_2024"]
[SourceDate "2024.01.17"]
[SourceVersion "1"]
[SourceVersionDate "2024.01.17"]
[SourceQuality "1"]

1. e4 d6 2. d4 g6 3. Nc3 Bg7 4. f4 Nf6 5. Nf3 0-0 6. e5 dxe5 7. fxe5 Nd5 8. Bd3 c5 9. Nxd5 Qxd5 10. c4 Qd8 11. d5 Bg4 12. Bf4 Nd7 13. Qe2 Bxf3 14. gxf3 Qb8 15. h4 Nxe5 16. Kf1 Qd6 17. Re1 f6 18. h5 g5 19. h6 Bh8 20. Bg3 Qd7 21. Bb1 Rf7 22. Qc2 Nxf3 23. Rd1 Qg4 24. Kg2 Nd4 25. Qd3 f5 26. Rdf1 f4 27. Rh3 Raf8 28. Qe4 Ne2 29. Rf3 Nd4 30. Rf2 Qd7 31. Bh2 f3+ 32. Kg3 Nf5+ 33. Kg4 Nd6+ 34. Qe6 Qxe6+ 35. dxe6 Rf6 36. Kxg5 Rxe6 37. Rhxf3 Rxf3 38. Rxf3 Ne4+ 39. Kg4 Nf6+ 40. Kf5 Re1 41. Rg3+ Kf7 42. Bc2 e6+ 43. Kg5 Re2 44. Bd3 Rxh2 45. Rf3 Rh5+ 46. Kf4 Rxh6 47. Ke5 Ke7 48. Kf4 Nd7 49. Ke3 Rf6 50. Rg3 Ne5 51. Be2 Rf8 52. Rh3 Rf7 53. Rh5 Ng6 54. Rxc5 Be5 55. Rb5 b6 56. c5 bxc5 57. Rxc5 Kf6 58. Ra5 Rd7 59. Bd3 Bxb2 60. a4 Ne5 61. Be2 Bc1+ 62. Kf2 Nc6 63. Rc5 Nd4 64. Rxc1 Nxe2 65. Kxe2 Rd4 66. a5 Ra4 67. Rc5 e5 68. Ke3 Kf5 69. Rc7 Ra3+ 70. Kf2 Rxa5 71. Rxh7 Ke4 72. Ke2 Ra2+ 73. Kd1 a5 74. Rd7 a4 75. Ra7 a3 76. Kc1 Kf3 77. Rf7+ Ke3 78. Ra7 e4 79. Kb1 Rb2+ 80. Ka1 Rb3 81. Ka2 Rd3 82. Re7 Kf3 83. Rf7+ Ke2 84. Re7 e3 85. Rh7 Kf3 86. Rh3+ Kg4 87. Rh1 e2 88. Re1 Kf3 89. Rc1 Rd1 90. Rc3+ Kf2 91. Rc2 Kf1 0-1

[Event "Titled Tuesday intern op 09th Jan Early"]
[Site "Chess.com INT"]
[Date "2024.01.09"]
[Round "8"]
[White "Sokolovsky, Yahli"]
[Black "Bjerre, Jonas Buhl"]
[Result "0-1"]
[WhiteElo "2436"]
[BlackElo "2641"]
[PlyCount "56"]
[EventDate "2024.01.09"]
[EventType "swiss (blitz)"]
[EventRounds "11"]
[EventCountry "USA"]
[SourceTitle "CB03_2024"]
[SourceDate "2024.01.17"]
[SourceVersion "1"]
[SourceVersionDate "2024.01.17"]
[SourceQuality "1"]

1. b3 Nf6 2. Bb2 d5 3. e3 c5 4. Nf3 a6 5. d4 Nc6 6. Bd3 Bg4 7. Nbd2 e6 8. a3 cxd4 9. exd4 Bd6 10. 0-0 0-0 11. Qe1 Nd7 12. Ne5 Ndxe5 13. dxe5 Bc5 14. Kh1 Rc8 15. f4 Bh5 16. f5 exf5 17. Bxf5 Rc7 18. Qg3 Bd4 19. Bxd4 Nxd4 20. Bxh7+ Kxh7 21. Qd3+ Kg8 22. Qxd4 Rxc2 23. Rf2 Qg5 24. Raf1 Rfc8 25. Qxd5 Rd8 26. Qa5 Rdxd2 27. Rxd2 Qxd2 28. Rg1 Qxa5 0-1

[Event "Titled Tuesday intern op 09th Jan Early"]
[Site "Chess.com INT"]
[Date "2024.01.09"]
[Round "7"]
[White "Sokolovsky, Yahli"]
[Black "Sanhueza, Cristian"]
[Result "1-0"]
[WhiteElo "2436"]
[BlackElo "2222"]
[PlyCount "79"]
[EventDate "2024.01.09"]
[EventType "swiss (blitz)"]
[EventRounds "11"]
[EventCountry "USA"]
[SourceTitle "CB03_2024"]
[SourceDate "2024.01.17"]
[SourceVersion "1"]
[SourceVersionDate "2024.01.17"]
[SourceQuality "1"]

1. b3 e5 2. Bb2 Nc6 3. e3 Nf6 4. Nf3 e4 5. Nd4 Bc5 6. Nxc6 dxc6 7. d4 exd3 8. Bxd3 0-0 9. Nd2 Re8 10. 0-0 a5 11. Qf3 a4 12. Qg3 Nh5 13. Qf3 Nf6 14. Bxf6 Qxf6 15. Qh5 Bb4 16. Qxh7+ Kf8 17. Ne4 Qh6 18. Qxh6 gxh6 19. a3 Be7 20. b4 Bf5 21. Nc5 Bxc5 22. bxc5 Be6 23. Rab1 Ra5 24. Rxb7 Rxc5 25. Rxc7 Rc3 26. Ra1 Rb8 27. f3 Bb3 28. cxb3 axb3 29. Be4 b2 30. Rb1 c5 31. Kf2 c4 32. Rd7 Rc1 33. Rd1 Rxd1 34. Rxd1 c3 35. Ke2 Ke7 36. Rb1 Rb3 37. Kd3 Rxa3 38. Kc2 Ra1 39. Kxc3 Ra2 40. Rxb2 1-0

[Event "Rilton Cup 51st"]
[Site "Stockholm"]
[Date "2024.01.05"]
[Round "9"]
[White "Sokolovsky, Yahli"]
[Black "Sivuk, Vitaly"]
[Result "1/2-1/2"]
[WhiteElo "2443"]
[BlackElo "2490"]
[PlyCount "35"]
[EventDate "2023.12.27"]
[EventType "swiss"]
[EventRounds "9"]
[EventCountry "SWE"]
[SourceTitle "CB02_2024"]
[SourceDate "2024.01.10"]
[SourceVersion "1"]
[SourceVersionDate "2024.01.10"]
[SourceQuality "1"]

1. e4 e5 2. Nf3 Nc6 3. Bb5 a6 4. Ba4 Nf6 5. 0-0 Be7 6. Re1 b5 7. Bb3 d6 8. c3 0-0 9. h3 Bb7 10. d4 Re8 11. Ng5 Rf8 12. Nf3 Re8 13. Ng5 Rf8 14. Nf3 Re8 15. Ng5 Rf8 16. Nf3 Re8 17. Ng5 Rf8 18. Nf3 1/2-1/2